000 00675nam a2200217 i 4500
001 86676
003 ES-MaACL
007 t|
008 041215s1981 gw ||||1| ger d
020 _a3-7875-2901-2
245 0 0 _aKinder, medien, werbung
_b: ein literatur und forschungsbericht /
_c[von Henning Haase...(et al.)].
260 _aFrankfurt am Main ;
_aBerlin :
_bAlfred Metzner,
_c[1981]
300 _a607 p. ;
_c21 cm.
490 1 _aMedia perspektiven ;
_v1
500 _aIndices.
504 _aBibliografía.
700 1 _aHaase, Henning.
_961365
830 0 _aMedia perspektiven ;
_v1
_9231764
852 _aES-MaACL
_jG-7081
_bR.114139
999 _c86676
_d86676